Los despiertos

Salvato in:
Dettagli Bibliografici
Autore principale: Debravo, Jorge
Natura: Libro
Lingua:Undetermined
Pubblicazione: San José, Costa Rica Editorial Costa Rica 1989
Edizione:/ Jorge Debravo
Soggetti:
Tags: Aggiungi Tag
Nessun Tag, puoi essere il primo ad aggiungerne!!

MARC

LEADER 00000nam a2200000Ia 4500
008 170316s9999 xx 000 0 und d
040 |a cru BVZT 
090 |a 868 D-2d 
100 |a Debravo, Jorge  |9 2328 
245 |a Los despiertos 
250 |a / Jorge Debravo 
260 |a San José, Costa Rica 
260 |b Editorial Costa Rica 
260 |c 1989 
300 |a 53 páginas 
650 |a LITERATURA COSTARRICENSE  |9 17 
942 |c 15 D  |h 868 D-2d  |2 z  |6 868_D2D 
999 |c 10951  |d 10951